[Event "Nizhnij Novgorod Region-ch op"]
[Site "Nizhnij Novgorod"]
[Date "2008.10.??"]
[Round "4"]
[White "Belenov, Dmitry N"]
[Black "Eliseev, Evgeny"]
[Result "1-0"]
[WhiteElo "2365"]
[BlackElo "2210"]
[PlyCount "89"]
[EventDate "2008.10.04"]
[EventType "swiss"]
[EventRounds "9"]
[EventCountry "RUS"]
[SourceTitle "EXT 2022"]
[Source "ChessBase"]
[SourceDate "2021.10.06"]
[SourceVersion "1"]
[SourceVersionDate "2021.10.06"]
[SourceQuality "1"]

1. d4 f5 2. g3 Nf6 3. Bg2 g6 4. Nh3 c6 5. 0-0 d5 6. Nd2 Be6 7. Nf3 Bg7 8. c3 0-0 9. Nf4 Bf7 10. h4 Ne4 11. Nd3 Nd7 12. Bf4 Rc8 13. Nfe5 Ndf6 14. Rc1 b5 15. b3 a5 16. c4 dxc4 17. Nxf7 Rxf7 18. Ne5 Rf8 19. bxc4 b4 20. Bf3 Nc3 21. Rxc3 bxc3 22. Nxc6 Qd7 23. Ne5 Qe8 24. c5 Ne4 25. Qb3+ e6 26. Bxe4 fxe4 27. e3 a4 28. Qxc3 Bxe5 29. Bxe5 Qb5 30. Qc2 a3 31. Rb1 Qa5 32. Qc4 Rce8 33. c6 Qd5 34. Qxd5 exd5 35. c7 Kf7 36. Rb6 Ra8 37. Rd6 Ra4 38. Rxd5 Rc4 39. Ra5 Ke6 40. Rxa3 Rc2 41. Bf4 Kd7 42. g4 Rf6 43. Ra8 Rfc6 44. Rd8+ Ke7 45. d5 1-0

[Event "Nizhnij Novgorod Region-ch op"]
[Site "Nizhnij Novgorod"]
[Date "2008.10.??"]
[Round "7"]
[White "Eliseev, Evgeny"]
[Black "Kuporosov, Viktor"]
[Result "0-1"]
[WhiteElo "2210"]
[BlackElo "2435"]
[PlyCount "100"]
[EventDate "2008.10.04"]
[EventType "swiss"]
[EventRounds "9"]
[EventCountry "RUS"]
[SourceTitle "EXT 2022"]
[Source "ChessBase"]
[SourceDate "2021.10.06"]
[SourceVersion "1"]
[SourceVersionDate "2021.10.06"]
[SourceQuality "1"]

1. e4 g6 2. d4 Bg7 3. Nc3 c6 4. h3 d6 5. Nf3 Nd7 6. Be3 Qc7 7. Bc4 Ngf6 8. Qd3 b5 9. Bb3 0-0 10. a4 b4 11. Ne2 a5 12. Nd2 c5 13. c3 bxc3 14. bxc3 Nb6 15. dxc5 dxc5 16. Qb5 Nfd7 17. Bd1 Ba6 18. Qb2 Ne5 19. 0-0 Nbc4 20. Nxc4 Nxc4 21. Qc1 Rfd8 22. Bf4 Qc6 23. f3 Ne5 24. Bg5 Ra7 25. Ra2 Bc4 26. Rd2 Rxd2 27. Qxd2 Rd7 28. Qb2 h6 29. Be3 Rb7 30. Qa3 Kh7 31. Bxc5 Qa6 32. Rf2 Nd3 33. Nd4 Nxf2 34. Kxf2 Bf6 35. f4 e5 36. fxe5 Bxe5 37. Nf3 Bf6 38. Bd4 Be7 39. Qc1 Qe6 40. Ne5 Ba6 41. Qd2 Bg5 42. Qc2 Bf6 43. Bg4 Qd6 44. Nf3 Qa3 45. Kg3 Rb2 46. Qd1 Be2 47. Qg1 Bxf3 48. Bxf3 Qd6+ 49. e5 Bxe5+ 50. Kh4 Qf6+ 0-1

[Event "Nizhnij Novgorod Region-ch op"]
[Site "Nizhnij Novgorod"]
[Date "2008.10.??"]
[Round "2"]
[White "Leukhin, Pavel"]
[Black "Eliseev, Evgeny"]
[Result "0-1"]
[WhiteElo "2020"]
[BlackElo "2210"]
[PlyCount "42"]
[EventDate "2008.10.04"]
[EventType "swiss"]
[EventRounds "9"]
[EventCountry "RUS"]
[SourceTitle "EXT 2022"]
[Source "ChessBase"]
[SourceDate "2021.10.06"]
[SourceVersion "1"]
[SourceVersionDate "2021.10.06"]
[SourceQuality "1"]

1. e4 e5 2. Nf3 Nc6 3. Bc4 Nf6 4. Ng5 d5 5. exd5 b5 6. Bxb5 Qxd5 7. Bxc6+ Qxc6 8. 0-0 h6 9. Nf3 Bb7 10. d3 0-0-0 11. Be3 Bd6 12. Bxa7 e4 13. Ne1 exd3 14. cxd3 Rhe8 15. Be3 Bf4 16. Qd2 Ng4 17. Bxf4 Rxe1 18. f3 Qb6+ 19. d4 Rxd4 20. Qxe1 Re4+ 21. Kh1 Rxe1 0-1

[Event "Nizhnij Novgorod Region-ch"]
[Site "Nizhnij Novgorod"]
[Date "2007.10.??"]
[Round "?"]
[White "Chubarov, Yuri"]
[Black "Eliseev, Evgeny"]
[Result "0-1"]
[WhiteElo "2077"]
[BlackElo "2221"]
[PlyCount "108"]
[EventDate "2007.10.??"]
[EventType "swiss"]
[EventRounds "9"]
[EventCountry "RUS"]
[SourceTitle "EXT 2009"]
[Source "ChessBase"]
[SourceDate "2008.11.26"]
[SourceVersion "1"]
[SourceVersionDate "2008.11.26"]
[SourceQuality "1"]

1. e4 g6 2. Nf3 Bg7 3. g3 c5 4. d3 Nc6 5. Bg2 d6 6. 0-0 Bg4 7. Nbd2 Qd7 8. c3 Nf6 9. Re1 0-0 10. Qc2 e5 11. Nf1 Bh3 12. Bh1 h6 13. Ne3 Nh5 14. Nh4 Ne7 15. Qe2 Be6 16. Nd5 Bxd5 17. exd5 Nf6 18. c4 Rae8 19. f3 g5 20. Ng2 Nf5 21. Ne3 Nd4 22. Qd1 Nh5 23. Bg2 f5 24. Nc2 f4 25. g4 Nf6 26. Nxd4 exd4 27. Bd2 Rxe1+ 28. Bxe1 Qf7 29. b4 Nd7 30. bxc5 dxc5 31. Bf2 Ne5 32. Rb1 b6 33. Bf1 Re8 34. a4 Bf6 35. a5 Bd8 36. axb6 Bxb6 37. Kg2 Qg6 38. Qa4 Re7 39. Re1 Kf7 40. Re4 h5 41. h3 hxg4 42. hxg4 Qh6 43. Qa6 Qh8 44. Be1 Kf6 45. Ba5 Rh7 46. Rxe5 Rh2+ 47. Kg1 Rh1+ 48. Kf2 Kxe5 49. Bxb6 Qh4+ 50. Ke2 Qh2+ 51. Ke1 Qg3+ 52. Ke2 Rh2+ 53. Kd1 Qxf3+ 54. Kc1 Qxf1# 0-1